Jekyll and Hyde chapters - Statistics

General Stats
  • This quiz has been taken 83 times
  • The average score is 5 of 10
Answer Stats
Chapter Answer % Correct
1 story of the door
86%
7 incident at the window
59%
3 dr jekyll was quite at ease
56%
2 search for mr hyde
51%
4 the carew murder case
51%
9 dr lanyon's narrative
48%
8 the last night
46%
5 incident of the letter
43%
10 henry jekyll's full statement of the case
38%
6 incident of dr lanyon
16%
No matching quizzes found
Score Distribution
Percent of People with Each Score
Percentile by Number Answered
Your Score History
You have not taken this quiz